Czy znasz wszystkich zwycięzców Pucharu Stanley'a? - Statystyki

Ogólne statystyki
  • Ten quiz został rozwiązany 16 razy
    9 od ostatniego zresetowania
  • Średni wynik to 16 z 22
Statystyki odpowiedzi
Miejsce Liczba tytułów Odpowiedź % Poprawnych
1. 24 Montreal Canadiens
100%
4. 6 Boston Bruins
88%
- 6 Chicago Blackhawks
88%
15. 1 Dallas Stars
88%
6. 5 Edmonton Oilers
88%
- 4 New York Islanders
88%
- 3 Tampa Bay Lightning
88%
- 1 Carolina Hurricanes
75%
3. 11 Detroit Red Wings
75%
- 2 Los Angeles Kings
75%
8. 4 New York Rangers
75%
- 5 Pittsburgh Penguins
75%
- 1 St. Louis Blues
75%
2. 13 Toronto Maple Leafs
75%
- 1 Anaheim Ducks
63%
- 1 Florida Panthers
63%
10. 3 New Jersey Devils
63%
- 1 Washington Capitals
63%
- 1 Calgary Flames
50%
- 3 Colorado Avalanche
50%
- 1 Vegas Golden Knights
50%
13. 2 Philadelphia Flyers
38%
Nie znaleziono quizów pasujących do podanych kryteriów
Rozkład punktacji
Procent ludzi z każdym wynikiem
Percentyl według liczby udzielonych odpowiedzi
Twoja historia wyników
Nie rozwiązałeś tego quizu od ostatniego zresetowania